Simulace biologických systémů /

Guardado en:
Detalles Bibliográficos
Autor principal: Pazourek, Jaroslav (Autor)
Formato: Libro
Lenguaje:checo
Publicado: Praha : Grada, 1992
Edición:[1.vyd.]
Colección:"Nestůjte za dveřmi
Materias:
Etiquetas: Agregar Etiqueta
Sin Etiquetas, Sea el primero en etiquetar este registro!

MARC

LEADER 00000nam a22000003a 4500
001 stu3127
005 20150617225616.2
008 930219s1992----cs------------------cze-d
020 |a 80-85623-13-7 
040 |a STU  |b slo 
041 0 |a cze 
044 |a cs 
080 |a 573 
080 |a 519.7 
080 |a 519.876.5 
100 1 |a Pazourek, Jaroslav  |4 aut 
245 1 |a Simulace biologických systémů /  |c [aut.] Pazourek,Jaroslav 
250 |a [1.vyd.] 
260 |a Praha :  |b Grada,  |c 1992 
300 |a 284 s :  |b disketa 
650 7 |a biologické systémy  |2 stusub 
650 7 |a simulácia systémov  |2 stusub 
650 7 |a simulácia biologických systémov  |2 stusub 
650 7 |a simulačné jazyky  |2 stusub 
650 7 |a matematické modelovanie  |2 stusub 
830 0 |a "Nestůjte za dveřmi 
996 |b E77874  |c E*77874  |l EE30  |s P  |a 0  |w stu3127_0001 
996 |b E81477  |c E*81477  |l EE11  |s P  |a 0  |w stu3127_0003